000 00707nam a2200253Ia 4500
003 OSt
005 20220926011821.0
006 a|||||r|||| 00| 0
007 ta
008 220923b |||||||| |||| 00| 0 eng d
020 _a0814453910
037 _cGeneral Book
040 _aRTL
_cRTL
_beng
041 _2eng
_aeng
082 _aX:514-8, L6
100 _aBender Paul S
_9314970
245 0 _aDesign and operation of customer service system
260 _aNew York
_bAMACO
_c1976
300 _avii,211p
_ccm.
490 _aAmerican Management Association NY
650 _aSalesmanship
_9229886
942 _hX:514-8, L6
_cGB
_2CC
999 _c621026
_d621026